000 00310nam a2200109Ia 4500
008 240731s9999 xx 000 0 und d
245 0 _aEmergences: Journal for the Study of Media & Composite Cultures
260 _bRoutledge
856 _uhttps://www.tandfonline.com/loi/cemj20
942 _2ddc
942 _cTFEJ
999 _c76394
_d76394
945 _a1
_bMadushi Gamage
_c1
_dMadushi Gamage